Vier letters - Geografie - A-Z #2 - Statistieken

Algemene statistieken
  • Deze quiz is 28 keer genomen
    25 sinds de laatste reset
  • De gemiddelde score is 14 van 24
Antwoordstatistieken
Hint Antwoord % Correct
B Hoofdstad van Zwitzerland Bern
94%
F Eilandstaat in de Grote Oceaan Fiji
94%
C Grootste Caribisch eiland Cuba
88%
D Nederland heeft veel van deze beschermingen gebouwd Dijk
82%
L Landlocked land in Zuidoost-Azië Laos
82%
O Plaats met water en vegetatie in de woestijn Oase
82%
S Kanaal in Egypte Suez
82%
E Meest actieve vulkaan in Europa Etna
76%
W Meest voorkomende Chinese familienaam Wang
76%
Z Dit zit erg veel in zeewater, zorgt voor de typische smaak Zout
76%
I Amerikaanse staat in het Midwesten Iowa
71%
P Munteenheid van Mexico Peso
65%
M Rivier waarlangs Frankfurt gelegen is Main
59%
K Hoofdstad gelegen langs de Dniepr Kiev
53%
R Nomadengroep in Europa Roma
53%
Y Universiteit gelegen in New Haven (VS) Yale
53%
G Amerikaans territorium in de Grote Oceaan Guam
41%
N Hoofdstad van Groenland Nuuk
41%
T Straattaal voor de Londense metro Tube
29%
U Officiële taal van Pakistan Urdu
29%
A Verkleinend meer in Kazachstan en Oezbekistan Aral
24%
H Islamitische pelgrimstocht naar Mekka Hajj
18%
J Portugese versie van de naam John João
18%
V Franssprekend Zwitsers canton Vaud
0%
Geen overeenkomende quizzen gevonden
Scoreverdeling
Procent van Mensen met Elke Score
Percentiel versus Aantal Correcte Antwoorden
Uw Scoregeschiedenis
U heeft deze quiz nog niet genomen sinds de laatste reset